The writings of St. Paul / (Record no. 4186)

MARC details
000 -LEADER
fixed length control field 00833cam a2200289 a 4500
001 - CONTROL NUMBER
control field 59828
003 - CONTROL NUMBER IDENTIFIER
control field GBCCL
005 - DATE AND TIME OF LATEST TRANSACTION
control field 20241126110513.0
008 - FIXED-LENGTH DATA ELEMENTS--GENERAL INFORMATION
fixed length control field 720327s1972 nyu b 001 0beng
010 ## -
-- 77095542 //r903
020 ## - INTERNATIONAL STANDARD BOOK NUMBER
International Standard Book Number 0393099792 (pbk.)
020 ## - INTERNATIONAL STANDARD BOOK NUMBER
International Standard Book Number 039304338X
035 ## - SYSTEM CONTROL NUMBER
System control number (OCoLC)00281972
040 ## - CATALOGING SOURCE
Original cataloging agency DLC
Transcribing agency DLC
Modifying agency LBB
049 ## -
-- LBBK
050 00 -
-- BS2505.A3
-- M43
082 00 - DEWEY DECIMAL CLASSIFICATION NUMBER
Classification number 227.066
Item number WRI
090 ## - LOCALLY ASSIGNED LC-TYPE CALL NUMBER (OCLC); LOCAL CALL NUMBER (RLIN)
Classification number (OCLC) (R) ; Classification number, CALL (RLIN) (NR) BS2505.A3
Local cutter number (OCLC) ; Book number/undivided call number, CALL (RLIN) M43 1972
245 14 - TITLE STATEMENT
Title The writings of St. Paul /
Statement of responsibility, etc. edited by Wayne A. Meeks.
250 ## - EDITION STATEMENT
Edition statement 1st ed.
260 ## - PUBLICATION, DISTRIBUTION, ETC.
Place of publication, distribution, etc. New York :
Name of publisher, distributor, etc. Norton,
Date of publication, distribution, etc. c1972.
300 ## - PHYSICAL DESCRIPTION
Extent xvii, 454 p. ;
Dimensions 22 cm.
490 0# - SERIES STATEMENT
Series statement A Norton critical edition
504 ## - BIBLIOGRAPHY, ETC. NOTE
Bibliography, etc. note Includes bibliographical references (p. 445-446) and index.
630 00 - SUBJECT ADDED ENTRY--UNIFORM TITLE
Uniform title Bible.
Name of part/section of a work N.T.
-- Epistles of Paul
General subdivision Theology.
9 (RLIN) 2199
942 ## - ADDED ENTRY ELEMENTS (KOHA)
Source of classification or shelving scheme Dewey Decimal Classification
Koha item type Books
Koha issues (borrowed), all copies 14
Holdings
Withdrawn status Lost status Source of classification or shelving scheme Damaged status Not for loan Home library Current Library Shelving location Date acquired Total checkouts Total renewals Full call number Barcode Date last seen Date last checked out Copy number Price effective from Koha item type
    Dewey Decimal Classification     GRACE BIBLE COLLEGE GRACE BIBLE COLLEGE Biblical Studies 2018-01-16 15 1 227.066 WRI 000648 2025-08-25 2025-08-22 c.1 2018-01-16 Books
© Grace Bible College Library 2025